[Event "FRA-chT U20"]
[Site "France"]
[Date "2012.05.26"]
[Round "?"]
[White "Stamboulian, Brice"]
[Black "Letheux, Mathias"]
[Result "1-0"]
[WhiteElo "1596"]
[BlackElo "1353"]
[PlyCount "47"]
[EventDate "2012.05.26"]
[EventType "team-swiss"]
[EventRounds "9"]
[EventCountry "FRA"]
[SourceTitle "EXT 2014"]
[Source "ChessBase"]
[SourceDate "2013.11.20"]
[SourceVersion "1"]
[SourceVersionDate "2013.11.20"]
[SourceQuality "1"]

1. e4 e6 2. d4 d5 3. e5 c5 4. c3 Nc6 5. Nf3 Qb6 6. Be2 f6 7. 0-0 cxd4 8. cxd4 fxe5 9. Nxe5 Nxd4 10. Be3 Nxe2+ 11. Qxe2 Qc7 12. Qh5+ Ke7 13. Qf7+ Kd6 14. Qxf8+ Qe7 15. Nf7+ Kd7 16. Qxe7+ Kxe7 17. Nxh8 Nf6 18. Bc5+ Ke8 19. Nc3 Bd7 20. Rfe1 b6 21. Bd6 Rc8 22. Rad1 Bc6 23. Ba3 a5 24. Rxe6+ 1-0

[Event "FRA-chT U20 1112"]
[Site "France"]
[Date "2012.01.21"]
[Round "1.14"]
[White "Aghamir Alrobiai, Nizar"]
[Black "Letheux, Mathias"]
[Result "0-1"]
[WhiteElo "1610"]
[BlackElo "1335"]
[PlyCount "90"]
[EventDate "2011.12.03"]
[EventType "team-swiss"]
[EventRounds "7"]
[EventCountry "FRA"]
[SourceTitle "EXT 2013"]
[Source "ChessBase"]
[SourceDate "2012.11.22"]
[SourceVersion "1"]
[SourceVersionDate "2012.11.22"]
[SourceQuality "1"]

1. e4 e6 2. d4 d5 3. Nd2 c5 4. exd5 exd5 5. Ngf3 Nf6 6. Bb5+ Bd7 7. Bxd7+ Qxd7 8. 0-0 Be7 9. dxc5 Bxc5 10. Re1+ Be7 11. Qe2 Nc6 12. Ne5 Qe6 13. Nxc6 Qxe2 14. Rxe2 bxc6 15. Nb3 h6 16. Bd2 Kd7 17. Rae1 Rhe8 18. Be3 Bd6 19. f3 Re7 20. Nc5+ Bxc5 21. Bxc5 Re6 22. Rxe6 fxe6 23. Re3 Rb8 24. b4 Rb5 25. Ra3 a5 26. bxa5 Rxc5 27. a6 Ne8 28. a7 Nc7 29. a8Q Nxa8 30. Rxa8 Rxc2 31. g4 c5 32. h4 c4 33. Ra3 d4 34. Kf1 d3 35. Ke1 c3 36. Kd1 Kc6 37. Rb3 Kd5 38. a4 Rd2+ 39. Kc1 Kc4 40. Rb8 Ra2 41. Kb1 Rxa4 42. Rc8+ Kd4 43. Re8 d2 44. Kc2 Ra2+ 45. Kd1 Ra1+ 0-1

[Event "FRA-chT U20 1112"]
[Site "France"]
[Date "2011.12.18"]
[Round "6.3"]
[White "Baldi, Valentine"]
[Black "Letheux, Mathias"]
[Result "1/2-1/2"]
[WhiteElo "1672"]
[BlackElo "1335"]
[PlyCount "165"]
[EventDate "2011.12.03"]
[EventType "team-swiss"]
[EventRounds "7"]
[EventCountry "FRA"]
[SourceTitle "EXT 2013"]
[Source "ChessBase"]
[SourceDate "2012.11.22"]
[SourceVersion "1"]
[SourceVersionDate "2012.11.22"]
[SourceQuality "1"]

1. d4 Nf6 2. c4 g6 3. Nc3 Bg7 4. e4 d6 5. Be2 0-0 6. Bg5 Nbd7 7. Qd2 e5 8. Nf3 Re8 9. 0-0 exd4 10. Nxd4 Nc5 11. f3 Nfxe4 12. Nxe4 Nxe4 13. fxe4 Bxd4+ 14. Kh1 f6 15. Qxd4 fxg5 16. Rf2 Qe7 17. Raf1 Be6 18. Bd3 c5 19. Qc3 Rf8 20. Qd2 Rf7 21. Rxf7 Bxf7 22. Re1 Qe5 23. Bf1 b6 24. Re3 Rd8 25. Rg3 h6 26. Bd3 Kg7 27. Rf3 Qd4 28. Qe2 Be6 29. Rf1 Rf8 30. Rxf8 Kxf8 31. Qf3+ Kg7 32. Qe2 h5 33. Qc2 g4 34. g3 g5 35. Qd2 Kf6 36. Qe2 h4 37. Qf1+ Kg6 38. e5+ Kh5 39. exd6 Qxd6 40. Kg2 Qc6+ 41. Kg1 Qf3 42. Qe2 Bf7 43. gxh4 Qxe2 44. Bxe2 gxh4 45. h3 Be6 46. hxg4+ Bxg4 47. Bd3 Bf3 48. Kh2 Kg4 49. Bf1 Be4 50. Be2+ Kg5 51. Kh3 Bf5+ 52. Kh2 h3 53. Bf1 Kh4 54. Be2 Bd7 55. Bf1 a6 56. b3 b5 57. cxb5 axb5 58. Bd3 b4 59. Bb1 Be6 60. Bd3 Bd5 61. Bf1 Be4 62. Bxh3 Bb1 63. Be6 Bxa2 64. Kg2 Kg5 65. Kf3 Kf6 66. Bc4 Ke5 67. Ke3 Bb1 68. Bf7 Be4 69. Bh5 Bd5 70. Bd1 Kd6 71. Kd3 Kc6 72. Kc2 Kb5 73. Be2+ c4 74. bxc4+ Bxc4 75. Bxc4+ Kxc4 76. Kb2 b3 77. Kb1 Kc3 78. Kc1 Kb4 79. Kb2 Ka4 80. Kb1 Ka3 81. Ka1 Kb4 82. Kb2 Kc4 83. Kb1 1/2-1/2

[Event "FRA-chT U20 1112"]
[Site "France"]
[Date "2011.12.04"]
[Round "3.4"]
[White "Retailleau, Elise"]
[Black "Letheux, Mathias"]
[Result "0-1"]
[WhiteElo "1584"]
[BlackElo "1335"]
[PlyCount "62"]
[EventDate "2011.12.03"]
[EventType "team-swiss"]
[EventRounds "7"]
[EventCountry "FRA"]
[SourceTitle "EXT 2013"]
[Source "ChessBase"]
[SourceDate "2012.11.22"]
[SourceVersion "1"]
[SourceVersionDate "2012.11.22"]
[SourceQuality "1"]

1. e4 e6 2. d4 d5 3. Nc3 Nf6 4. Bg5 Be7 5. e5 Nfd7 6. Bxe7 Qxe7 7. Nf3 0-0 8. Bd3 c5 9. Ne2 Nc6 10. c3 f6 11. exf6 Qxf6 12. Bb5 cxd4 13. cxd4 Rb8 14. 0-0 a6 15. Ba4 Qg6 16. Qd2 Rxf3 17. Nf4 Qg5 18. g3 e5 19. dxe5 Ncxe5 20. Qxd5+ Kh8 21. Qd4 Rd3 22. Qe4 Nc5 23. Qb4 Nf3+ 24. Kh1 Rd8 25. Bc2 Qh6 26. Kg2 Bg4 27. h3 Bh5 28. Qxc5 Ng5 29. Nxh5 Qxh5 30. Qa5 Qxh3+ 31. Kg1 Nf3# 0-1

[Event "FRA-chT U20 16 GP Basse 1011"]
[Site "France"]
[Date "2011.06.12"]
[Round "10"]
[White "Joudelat, Noemie"]
[Black "Letheux, Mathias"]
[Result "1-0"]
[WhiteElo "1732"]
[BlackElo "1334"]
[PlyCount "63"]
[EventDate "2010.06.20"]
[EventType "team-tourn"]
[EventRounds "11"]
[EventCountry "FRA"]
[SourceTitle "EXT 2015"]
[Source "ChessBase"]
[SourceDate "2014.11.20"]
[SourceVersion "1"]
[SourceVersionDate "2014.11.20"]
[SourceQuality "1"]
[WhiteTeam "Bois Colombes (U20)"]
[BlackTeam "Paris AECE (U20)"]
[WhiteTeamCountry "FRA"]
[BlackTeamCountry "FRA"]

1. e4 e6 2. d4 d5 3. Nc3 Nf6 4. Bg5 Be7 5. e5 Nfd7 6. Bxe7 Qxe7 7. f4 f6 8. Nf3 fxe5 9. fxe5 0-0 10. Qd2 c5 11. dxc5 Nc6 12. 0-0-0 Nxc5 13. Bb5 Nd7 14. Bxc6 bxc6 15. Rde1 Rb8 16. a3 c5 17. h4 Bb7 18. Rh3 a6 19. h5 h6 20. Qd3 d4 21. Ne4 Rfc8 22. g4 Rf8 23. Rg3 Qf7 24. Nfd2 Nxe5 25. Qe2 Nd7 26. Rgg1 Bxe4 27. Nxe4 Qe7 28. g5 hxg5 29. Nxg5 e5 30. Qd3 Nf6 31. h6 Kh8 32. hxg7+ 1-0

[Event "FRA-chTA U20 1011"]
[Site "France"]
[Date "2010.12.19"]
[Round "6.4"]
[White "Letheux, Mathias"]
[Black "Dombre, Antoine"]
[Result "0-1"]
[WhiteElo "1374"]
[BlackElo "1625"]
[PlyCount "72"]
[EventDate "2010.11.21"]
[EventType "team-tourn"]
[EventRounds "7"]
[EventCountry "FRA"]
[SourceTitle "EXT 2012"]
[Source "ChessBase"]
[SourceDate "2011.11.24"]
[SourceVersion "1"]
[SourceVersionDate "2011.11.24"]
[SourceQuality "1"]
[WhiteTeam "AECE"]
[BlackTeam "Grenoble"]
[WhiteTeamCountry "FRA"]
[BlackTeamCountry "FRA"]

1. d4 d5 2. c4 e6 3. Nc3 Nf6 4. Bg5 Nbd7 5. Nf3 c6 6. e3 Qa5 7. a3 Ne4 8. Qc2 Nxg5 9. Nxg5 Nf6 10. Bd3 dxc4 11. Bxc4 Qxg5 12. 0-0 Bd6 13. e4 Bxh2+ 14. Kxh2 Qh4+ 15. Kg1 Ng4 16. Rfe1 Qh2+ 17. Kf1 Qh1+ 18. Ke2 Qxg2 19. Rf1 Nh2 20. Rg1 Qf3+ 21. Ke1 Qf6 22. e5 Nf3+ 23. Kf1 Qh6 24. Kg2 Nxg1 25. Rxg1 Qg6+ 26. Qxg6 hxg6 27. Ne4 Ke7 28. Nd6 b5 29. Ba2 Bd7 30. Rc1 Rh4 31. Rd1 Rah8 32. Rd2 Rf4 33. f3 Rhh4 34. Ne4 f5 35. Nc5 Rxd4 36. Rxd4 Rxd4 0-1